[Event "Charleroi op 4th"]
[Site "Charleroi"]
[Date "2005.08.04"]
[Round "7"]
[White "Vansteenkiste, V."]
[Black "Dal Borgo, Albin"]
[Result "0-1"]
[WhiteElo "2068"]
[BlackElo "2173"]
[PlyCount "80"]
[EventDate "2005.07.30"]
[EventType "swiss"]
[EventRounds "9"]
[EventCountry "BEL"]
[SourceTitle "EXT 2006"]
[Source "ChessBase"]
[SourceDate "2005.11.24"]
[SourceVersion "1"]
[SourceVersionDate "2005.11.24"]
[SourceQuality "1"]

1. e4 c5 2. Nf3 e6 3. d4 cxd4 4. Nxd4 Nc6 5. Nb5 d6 6. c4 Nf6 7. N1c3 a6 8. Na3 Be7 9. Be2 Bd7 10. Be3 0-0 11. 0-0 Qb8 12. Qd2 Na7 13. Bf4 b5 14. b4 Bc6 15. f3 Rd8 16. Rab1 Qb7 17. Rfd1 Rac8 18. cxb5 Nxb5 19. Naxb5 axb5 20. a4 bxa4 21. b5 Be8 22. Nxa4 d5 23. e5 Nd7 24. Bg3 Qa7+ 25. Qd4 Ra8 26. Ra1 Qxd4+ 27. Rxd4 Bc5 28. Bf2 Nb6 29. Rb4 Bxb4 30. Bxb6 Rdb8 31. Bc7 Rb7 32. Rb1 Rxa4 33. b6 Bc5+ 34. Kf1 Bd4 35. Ke1 Ra1 36. Rxa1 Bxa1 37. Ba6 Bc6 38. Kd2 Bd4 39. Kc2 Rxb6 40. Bxb6 Bxb6 0-1